| 000 | 01600nam a22002537a 4500 | ||
|---|---|---|---|
| 003 | BJBSDDR | ||
| 005 | 20260410121128.0 | ||
| 007 | ta | ||
| 008 | 260410s2011 xxu||||| |||| 00| 0 eng d | ||
| 020 | _a9780310214694 | ||
| 020 | _a 0310214696 | ||
| 040 |
_bspa _cBJBSDDR |
||
| 041 | _aeng | ||
| 050 | _bC321 2011 | ||
| 100 | 1 |
_aCarson, Ben _q(Benjamin Solomon), _d1951- _97674 |
|
| 245 | 1 | 0 |
_aGifted hands : _bthe Ben Carson story / _cBen Carson, Cecil Murphey |
| 260 |
_aMichigan, United States : _b Zondervan, _c2011 |
||
| 300 |
_a224 pages : _billustrations ; _c18 cm |
||
| 505 | _a Letter from Sonya Carson Introduction / Candy Carson Goodbye Daddy Carrying the load Eight years old Two positives Boy's big problem Terrible temper ROTC triumph College choices Changing the rules Serious step Another step forward Coming into my own Special year Girl named Maranda Heartbreak Little Beth Three special children Craig and Susan Separating the twins Rest of their story Family affairs Think big | ||
| 520 | _aDr. Ben Carson is known around the world for breakthroughs in neurosurgery that have brought hope where no hope existed. In Gifted Hands, he tells of his inspiring odyssey from his childhood in inner-city Detroit to his position as director of pediatric neurosurgery at John Hopkins Medical Institutions at age thirty-three. Taking you into the operating room where he has saved countless lives, Ben Carson is a role model for anyone who attempts the seemingly impossible. | ||
| 700 | 1 |
_aMurphey, Cecil _947874 |
|
| 942 |
_2lcc _n0 _cBK |
||
| 946 | _icmc | ||
| 999 |
_c126763 _d126763 |
||